MARC

LEADER 00000nam0a2200000 4500
001 174730
005 20231031164910.0
035 |a (RuTPU)RU\TPU\book\189477 
090 |a 174730 
100 |a 20100203d1989 m y0rusy50 ca 
101 0 |a rus 
102 |a RU 
105 |a a j 001zy 
200 1 |a Основы неравновесной термодинамики  |e учебное пособие  |f В. П. Бурдаков  |g Московский авиационный институт (МАИ) 
210 |a Москва  |c Изд-во МАИ  |d 1989 
215 |a 92 с.  |c ил. 
320 |a Библиогр.: с. 87-89. 
610 1 |a неравновесная термодинамика 
610 1 |a определения 
610 1 |a энтропия 
610 1 |a энергия 
610 1 |a закон сохранения массы 
610 1 |a закон сохранения энергии 
610 1 |a принцип Кюри 
610 1 |a неравновесные системы 
610 1 |a колебания 
610 1 |a теоретические сведения 
610 1 |a задачи 
610 1 |a типовые решения 
610 1 |a учебные пособия 
610 1 |a библиотека А. Г. Стромберга 
675 |a 536(075.8)  |v 3 
700 1 |a Бурдаков  |b В. П.  |g Валерий Павлович 
712 0 2 |a Московский авиационный институт (МАИ)  |2 stltpush  |3 (RuTPU)RU\TPU\col\3642 
801 1 |a RU  |b 63413507  |c 20100203 
801 2 |a RU  |b 63413507  |c 20170914  |g RCR 
942 |c BK